| 000 | 00500nam a2200181Ia 4500 | ||
|---|---|---|---|
| 005 | 20250317123602.0 | ||
| 008 | 008 250317s9999 xx 000 0 eng d | ||
| 037 | _aTextbook | ||
| 040 |
_aFMSL _beng _cFMSL |
||
| 041 |
_aeng _2eng |
||
| 084 |
_aX:8DR K9 _qFMSL |
||
| 100 |
_aModer J J _9328259 |
||
| 245 | 0 | _aProfit management with CPM & Pert | |
| 260 |
_aLondon _bLondon, Van Northand _c1969 |
||
| 300 | _a279p | ||
| 942 |
_cTB _hX:8DR K9 |
||
| 999 |
_c1251897 _d1251897 |
||